000 00635nam a2200193 4500
001 139961
003 ES-MaACL
005 20250913154002.0
007 t|
008 070214s1953 sp r ||||1| spa d
100 1 _aSchmidt, Heinz Werner.
_9104480
245 1 0 _aCon Rommel en el desierto /
_cHeinz Werner Schmidt ; [traducción de Felipe Ximénez de Sandoval].
250 _a1ª ed.
260 _aBarcelona :
_bJuventud,
_c1953.
300 _a272 p., 10 lám. :
_bil. = retr. biogr. ;
_c23 cm.
700 1 _aXiménez de Sandoval, Felipe,
_d1903-1978
_9117510
852 _aES-MaACL
_jC-6407
_bR.35620
999 _c139961
_d139961